| 000 | 00755 a2200241 4500 | ||
|---|---|---|---|
| 010 | _aTML-30208 | ||
| 020 | _c350.00 | ||
| 035 | _aTM-28444 | ||
| 037 | _bD.B.Act / pub / | ||
| 082 | _a891.443 | ||
| 090 |
_c141 _d141 |
||
| 100 | _aAshapurna Devi | ||
| 245 |
_aMuthal sabatham _cAshapurna Devi, tr by Bhuvana Natarajan |
||
| 246 | _aமுதல் சபதம் | ||
| 250 | _a1st ed | ||
| 260 |
_aChennai _bSandhya Pathippagam _c2006 |
||
| 270 |
_aFlat A, Neu tech vaibahav,57-53rd st, Ashok Nagar _bChennai _e600083 |
||
| 300 |
_a872p _c22cm |
||
| 650 |
_aBengali Literature _xFiction |
||
| 700 | _aBhuvana Natarajan | ||
| 942 |
_cTM _k891.443 / ASH |
||
| 999 |
_c141 _d141 |
||